LEADER 00973nam a2200253 4500 001 000000364947 003 CaOOAMICUS 005 20251121165847.0 008 251031s2015 enk 000 u eng r 020 $a978-0-00-825560-2 040 $aSeMil$bita 100 1 $aChristie, Agatha,$d<1890-1976>.$0(OLS)http://semarc/name/7447 240 14$aThe murder on the links.$0(OLS)http://semarc/title/436713 245 14$aThe murder on the links /$cAgatha Christie. 250 $a22 ed. 264 1$aLondon :$bHarperCollins,$c2015. 300 $a273 p. ;$c19 cm 850 $aSeMil 852 $aSeMil$W1$xVenegono$y1$m1W II 191$j264709$B255784$CSeMilBibl$Z2$F255784 $81 961 $aBrambilla don Paolo - Omaggio 996 $6020$a978-0-00-825560-2$9(OLS)http://semarc/number/304479 996 $6245$aThe murder on the links$9(OLS)http://semarc/title/456465 996 $6264$aLondon :$bHarperCollins$9(OLS)http://semarc/publisher/34327 LEADER 01535nam a2200325 i 4500 001 000000233238 003 CaOOAMICUS 005 20140917000000.0 008 140917s2006 it u000 u ita u 013 $a212141 020 $a978-88-399-2396-7 040 $aSeMil$bita 100 1 $aAletti, Jean-Noël,$c.$0(OLS)http://semarc/name/90332 240 10$aVocabulaire raisonné de l'exégèse biblique.$0(OLS)http://semarc/title/332820 245 10$aLessico ragionato dell'esegesi biblica :$ble parole, gli approcci, gli autori /$cJean-Noël Aletti, Maurice Gilbert, Jean Louis Ska, Sylvie de Vulpillières. 250 $a2. ed. 260 $aBrescia :$bQueriniana,$c2006. 300 $a164 p. ;$c24 cm. 490 0 $aStrumenti ;$v15 650 4$aBibbia - Lessico.$0(OLS)http://semarc/subject/4584 700 1 $aVulpillières, Sylvie : de.$0(OLS)http://semarc/name/71022 700 1 $aGilbert, Maurice,$c.$0(OLS)http://semarc/name/89700 700 1 $aSka, Jean Louis,$c.$0(OLS)http://semarc/name/10799 830 0$aStrumenti ;$v15.$0(OLS)http://semarc/title/6054 850 $aSeMil 852 $aSeMil$W1$xVenegono$y1$m2V VII 25$j183584$B183584$CSeMilBibl$Z2$F195180 $81 961 $aAcquisto: Queriniana 996 $6020$a978-88-399-2396-7$9(OLS)http://semarc/number/237136 996 $6245$aLessico ragionato dell'esegesi biblica :$ble parole, gli approcci, gli autori$9(OLS)http://semarc/title/332819 996 $6260$aBrescia :$bQueriniana$9(OLS)http://semarc/publisher/29615